书目信息 |
| 题名: |
社会主义统战理论教程
|
|
| 作者: | 苏全义 主编 | |
| 分册: | ||
| 出版信息: | 北京 中国人民大学出版社 1991.05 |
|
| 页数: | 375页 | |
| 开本: | 20cm | |
| 丛书名: | ||
| 单 册: | ||
| 中图分类: | D613 | |
| 科图分类: | ||
| 主题词: | 革命--统一战线--中国 | |
| 电子资源: | ||
| ISBN: | 7-300-01150-0 | |
| 000 | 00576nam0 2200193 45 | |
| 001 | 0404221002 | |
| 005 | 20050616170552.8 | |
| 010 | @a7-300-01150-0@dCNY6.20 | |
| 100 | @a20040422d1991 km y0chiy0120 ea | |
| 101 | 0 | @achi |
| 105 | @a z 000yy | |
| 200 | 1 | @a社会主义统战理论教程@AShe Hui Zhu Yi Tong Zhan Li Lun Jiao Cheng@f苏全义主编@FSu Quan Yi Zhu Bian |
| 210 | @a北京@c中国人民大学出版社@d1991.05 | |
| 215 | @a375页@d20cm | |
| 606 | 0 | @a革命@x统一战线@x中国 |
| 690 | @aD613@v3 | |
| 701 | 0 | @a苏全义@4主编 |
| 801 | @aCN@bPftUser@c20040422 | |
| 905 | @dD613@e47@f1@b252734 | |
| 社会主义统战理论教程/苏全义主编.-北京:中国人民大学出版社,1991.05 |
| 375页;20cm |
| ISBN 7-300-01150-0:CNY6.20 |
| ● |
| 相关链接 |
|
|
|
|
正题名:社会主义统战理论教程
索取号:D613/47
 
预约/预借
| 序号 | 登录号 | 条形码 | 馆藏地/架位号 | 状态 | 备注 |
| 1 | 0252730 | 000486851 | 密集书库/ [索取号:D613/47] | 在馆 | |
| 2 | 0252731 | 000486860 | 密集书库/ [索取号:D613/47] | 在馆 | |
| 3 | 0252732 | 000486879 | 密集书库/ [索取号:D613/47] | 在馆 | |
| 4 | 0252733 | 001009884 | 密集书库/ [索取号:D613/47] | 在馆 | |
| 5 | 0252734 | 000383613 | 第一样本阅览室/ [索取号:D613/47] | 在馆 |